000 00511pab a2200181 454500
008 180718b2006 xxu||||| |||| 00| 0 eng d
100 _aRao, V. Jalma
245 _aDistress mitigation of farmers: an evaluation of state government's policy response (the case of Andhra Pradesh)
260 _c2006
300 _ap.529-40.
362 _aDec
650 _aFarmers - India - Andhra Pradesh
650 _aFarmers
700 _aNori, Usha
773 _aAsian Economic Review
908 _aN
909 _a73099
999 _c73099
_d73099